Responses for Show #8808 - Wednesday, February 15, 2023

Stephen Webb game 1.

Contestants

[<< previous game]

Jason Carpenter, a fast food worker and stand-up comedian from Santa Rosa Valley, California

Stephen Webb, a data scientist from Longmont, Colorado

Kendra Westerhaus, a licensed psychologist from Pocatello, Idaho (whose 2-day cash winnings total $47,201)

[next game >>]

Jeopardy! Round responses

LANDMARKS
THE CLASS MENAGERIE
ON A STAMP
ACC SCHOOL HISTORY
A DECADE OF NO. 1 HITS TELLS A STORY
(Ken: You'll name the decade.)
SERVING T FOR 3
(Ken: That letter T will appear three times in each correct response.)
    $200 14
the Leaning Tower of Pisa

Jason
    $200 12
amphibians

Jason
    $200 15
Queen Victoria

Kendra
    $200 6
(Ken: You know your ACC SCHOOL HISTORY, that's correct, you ran the category.)
[Applause]

Boston College

Stephen
    $200 1
the 1960s

Stephen
    $200 16
Twitter

Jason
    $400 23
Easter Island

Stephen
    $400 13
bears

Jason
    $400 21
(Kendra: What is a ring?)

the Moon

Kendra
Triple Stumper
    $400 5
Syracuse

Stephen
    $400 8
(Jason: What is the 1970s?)

the 1990s

KendraJason
    $400 17
antidisestablishmentarianism

Jason
    $600 26
(Ken: At Giza, right.)

the Sphinx

Jason
    $600 20
lobsters

Jason
    $600 22
(Jason: What is a black jack?)

Jenny

Jason
Triple Stumper
    $2,000 4
the University of Miami

Stephen
    $600 9
(Stephen: What are the 2010s?)

the 2000s

StephenJason
    $600 7
a constitutional

Jason
    $800 25
IguazĂș Falls

Kendra
    $800 27
an ostrich

Jason
    $800 30
(Stephen: What are...)

a seamstress

StephenJason
    $800 3
Clemson

Stephen
    $800 10
the 1980s

Kendra
    $800 18
intestate

Triple Stumper
    $1000 24
the Kaaba

Jason
    $1000 28
sea skates

Stephen
    $1000 29
Falling Water

Kendra
    $1000 2
Pitt

Stephen
    $1000 11
the 1970s

Stephen
    $1000 19
destitute

Jason

Scores at the first commercial break (after clue 15):

Kendra Stephen Jason
$1,400 $5,000 $1,600

Scores at the end of the Jeopardy! Round:

Kendra Stephen Jason
$2,800 $5,600 $6,400

Double Jeopardy! Round responses

I HAVE AN IDEA
TV PARTY TONIGHT!
CRAFTS
LOVE
CONQUERS
ALL
    $400 13
a yellow light

Stephen
    $400 14
The Office

Stephen
    $400 1
quilting

Stephen
    $400 21
Eat, Pray, Love

Jason
    $400 3
(Stephen: What's Israel?)

Jerusalem

StephenJason
    $400 30
encompassing

Triple Stumper
    $800 16
a butler

Stephen
    $800 22
Cobra Kai

Jason
    $800 19
tusks (bones or ivory)

Kendra
    $800 28
Love's Labour's Lost

Stephen
    $800 4
(Jason: What is Algiers?)

Lisbon

Jason
Triple Stumper
    $800 25
across the board

Triple Stumper
    $7,000 15
Mount Rushmore

Stephen
    $1200 24
M*A*S*H

Stephen
    $1200 18
découpage

Kendra
    $1200 11
To Sir

Jason
    $1200 5
Idi Amin

Stephen
    $1200 10
the whole enchilada

Stephen
    $1600 8
Warren

Stephen
    $1600 29
the Bada Bing!

Jason
    $1600 17
tallow

Stephen
    $4,000 12
Love in the Time of Cholera

Jason
    $1600 6
Algiers

Jason
    $1600 26
no holds barred

Jason
    $2000 2
Adam Smith

Jason
    $2000 23
Gossip Girl

Kendra
    $2000 20
crewel

Kendra
    $2000 27
"The Love Song of J. Alfred Prufrock"

Kendra
    $2000 7
the Golden Horde

Stephen
    $2000 9
from stem to stern

Stephen

Scores at the end of the Double Jeopardy! Round:

Kendra Stephen Jason
$10,800 $25,800 $19,200

[wagering suggestions for these scores]

Final Jeopardy! Round responses

THE U.S. MILITARY
(Ken: [To Kendra] [*] flight school which got a lot more famous around 1986.)
KendraWhat is Top Gun?
$2,401
JasonWhat is B-2
$19,199
StephenWhat is Top Gun?
$12,601
Top Gun

Final scores:

Kendra Stephen Jason
$13,201 $38,401 $1
2nd place: $2,000 New champion: $38,401 3rd place: $1,000

Game dynamics:

Coryat scores:

Kendra Stephen Jason
$10,800 $18,600 $16,800
10 R,
1 W
22 R
(including 2 DDs),
3 W
22 R
(including 1 DD),
3 W

Combined Coryat: $46,200

[game clues] [game scores] [suggest correction]

Game tape date: 2022-12-15
The J! Archive is created by fans, for fans. Scraping, republication, monetization, and malicious use prohibited; this site may use cookies and collect identifying information. See terms. The Jeopardy! game show and all elements thereof, including but not limited to copyright and trademark thereto, are the property of Jeopardy Productions, Inc. and are protected under law. This website is not affiliated with, sponsored by, or operated by Jeopardy Productions, Inc. Join the discussion at JBoard.tv.